[Event "Reykjavik Kvika op"]
[Site "Reykjavik"]
[Date "2022.04.08"]
[Round "4"]
[White "Doluhanova, Evgeniya"]
[Black "Baecker, Niko"]
[Result "1-0"]
[WhiteElo "2280"]
[BlackElo "1885"]
[PlyCount "41"]
[EventDate "2022.04.06"]
[EventType "swiss"]
[EventRounds "9"]
[EventCountry "ISL"]
[SourceTitle "CBM 207 Extra"]
[Source "ChessBase"]
[SourceDate "2022.05.31"]
[SourceVersion "1"]
[SourceVersionDate "2022.05.31"]
[SourceQuality "1"]

1. e4 c5 2. Nf3 Nc6 3. Bb5 g6 4. 0-0 Bg7 5. Re1 b6 6. c3 Bb7 7. d4 cxd4 8. cxd4 Qc7 9. Nc3 e5 10. Nd5 Qd6 11. dxe5 Nxe5 12. Bf4 Kf8 13. Rc1 Nxf3+ 14. Qxf3 Be5 15. Bxe5 Qxe5 16. Bxd7 Rd8 17. Ba4 Kg7 18. Bb3 Ne7 19. Nxe7 Qxe7 20. Qc3+ Kf8 21. Qxh8# 1-0